01991nam a2200349 i 450000100090000000300090000900500170001800800410003502000420007602000380011804000460015604300120020208200260021410000290024024500440026926400930031330000280040633600260043433700280046033800270048849000420051550400510055752006170060865000720122565000690129765300250136665500170139190600450140894200120145399900170146595201590148220165011EG-ScBUE20230215043145.0171015s2018 enk f b 001 0 eng d a9780415745536 (hardback : alk. paper) a9780415745543 (pbk. : alk. paper) aLBSOR/DLCbengerdacLBSORdDLCdEG-ScBUE ad------04a338.90091724222bVOK1 aVokes, Richard,eauthor.10aMedia and development /cRichard Vokes. 1aMilton Park, Abingdon, Oxon ;aNew York, NY :bRoutledge, Taylor & Francis Group,c2018. axv, 300 pages ;c24 cm. atext2rdacontentbtxt aunmediated2rdamediabn avolume2rdacarrierbnc0 aRoutledge perspectives on development aIncludes bibliographical references and index. a"The text provides advanced undergraduate, and postgraduate, students with an introduction to the key theoretical perspectives in both media theory and development studies. It also brings these two bodies of theory into dialogue with each other, by examining the ways in which both media and development produce social changes (both intended and unintended), and by looking at how media has been, and could be, 'harnessed' by development agencies, developing world governments, NGOs, and peoples in the developing world as part of their wider attempts to achieve positive social change"--cProvided by publisher. 7aCommunication in economic developmentzDeveloping countries.2BUEsh 7aMass media in economic developmentzDeveloping countries.2BUEsh bBUSBOLcFebruary2023 vReading book a7bcbccorignewd1eecipf20gy-gencatlg 2ddccBB c30154d30125 00102ddc40708BaccahaMAINbMAINc1STd2023-02-15ePurchaseg594.00h37170l0o338.90091724 VOKp000044783r2025-07-15 00:00:00v742.50w2023-02-15yBB